Chile: historias y personajes de un país adolescente, siglo XX
Guardat en:
| Autor principal: | |
|---|---|
| Format: | Llibre |
| Idioma: | espanyol |
| Publicat: |
Santiago
Revista Qué Pasa
1999
|
| Matèries: | |
| Etiquetes: |
Afegir etiqueta
Sense etiquetes, Sigues el primer a etiquetar aquest registre!
|
MARC
| LEADER | 00000nam a2200000 a 4500 | ||
|---|---|---|---|
| 001 | UCH3627 | ||
| 003 | CL-VaPUC | ||
| 008 | 090813e19990000CL |||||||||||||||||spa|d | ||
| 082 | 0 | 4 | |a 983.064 |b GIB |2 21 |
| 100 | 0 | |a Gibson Zugarramurdi, Grace |e author |9 539093 | |
| 245 | 1 | 0 | |a Chile: historias y personajes de un país adolescente, siglo XX |
| 300 | |a 306 p | ||
| 942 | |c BK | ||
| 945 | |d 20090813 00:00:00 |a rbrito | ||
| 260 | |a Santiago |b Revista Qué Pasa |c 1999 | ||
| 500 | |a Edición Especial Qué Pasa | ||
| 650 | 0 | |a Historia de Chile siglo 20 |9 268145 | |
| 651 | 7 | |a CHILE |2 CL-VaPUC |9 539094 | |
| 583 | |a last modification |c 20090813 00:00:00 |k Rodrigo Vera | ||
| 999 | |c 335110 |d 335108 | ||
| 952 | |0 0 |1 0 |4 0 |6 983_064000000000000_GIB_1999 |7 0 |8 X |9 424690 |a FDOBUD |b FDOBUD |d 2019-11-22 |i 4587472 |o 983.064 GIB 1999 |p 4587472 |r 2019-11-22 |w 2019-11-22 |y BK_X |k BUD | ||